| 000 | 00575nam a2200205 a 4500 | ||
|---|---|---|---|
| 005 | 20140311163037.0 | ||
| 008 | 110802s19uu xx 00 eng d | ||
| 020 | _a9780071267670 | ||
| 050 |
_aT 57.6 _b.H53 2010 |
||
| 100 | _aHillier, Frederick S. | ||
| 245 |
_aIntroduction to operations research / _cFrederick S. Hillier. |
||
| 250 | _a9th ed. | ||
| 260 |
_aNew York : _bMcGraw-Hill, _c2010. |
||
| 300 |
_a1047 p. : _bill. ; _c26 cm. |
||
| 521 | _aIT | ||
| 650 | _aOperations research. | ||
| 700 | _aGerald J. Lieberman | ||
| 942 |
_cBK _2lcc _kFOR |
||
| 999 |
_c39693 _d39693 |
||